| 000 | 00889nam a22002417a 4500 | ||
|---|---|---|---|
| 005 | 20140310183633.0 | ||
| 008 | 131122b xxu||||| |||| 00| 0 eng d | ||
| 020 | _a9781847205957 | ||
| 050 |
_aHD 62.4 _b.B575 2012 |
||
| 100 | _aBhagat, Rabi S.. | ||
| 245 |
_aManaging global organizations : _ba cultural perspective / _cRabi S Bhagat, Harry Charalambos Triandis, Annette S McDevitt. |
||
| 260 |
_aCheltenham, UK ; Northampton, MA : _bEdward Elgar, _c2012. |
||
| 300 |
_axvii, 343 p. : _bill. ; _c24 cm. |
||
| 504 | _aIncludes Bibliographic References and Index. | ||
| 521 | _aBSBA | ||
| 650 |
_aManagement _xCross-cultural studies. |
||
| 650 |
_aInternational business enterprises _xManagement. |
||
| 650 |
_aOrganizational behavior _xCross-cultural studies. |
||
| 700 | _aTriandis, Harry C. | ||
| 700 | _aAnnette S. McDevitt. | ||
| 942 |
_2lcc _cBK _kFOR |
||
| 999 |
_c25642 _d25642 |
||